Analýza finančnej situácie na podklade individuálnej účtovnej závierky zostavenej podľa IFRS/IAS diplomová práca

Guardado en:
Detalles Bibliográficos
Autor principal: Rejdíková, Dagmar
Autor Corporativo: Fakulta hospodárskej informatiky EU. Katedra účtovníctva a audítorstva
Otros Autores: Nagy, Ladislav
Formato: Libro
Lenguaje:eslovaco
Publicado: Bratislava 2018
Etiquetas: Agregar Etiqueta
Sin Etiquetas, Sea el primero en etiquetar este registro!

MARC

LEADER 00000nbm a2200000 4500
001 0243540
005 20181108092350.2
041 0 |a slo 
044 |a SK 
245 1 0 |a Analýza finančnej situácie na podklade individuálnej účtovnej závierky zostavenej podľa IFRS/IAS  |b diplomová práca  |c Dagmar Rejdíková ; školiteľ: Ladislav Nagy 
264 1 |a Bratislava  |c 2018 
300 |a 69 s. 
100 1 |a Rejdíková, Dagmar 
700 1 |a Nagy, Ladislav 
710 2 |a Fakulta hospodárskej informatiky EU. Katedra účtovníctva a audítorstva